[Event "AUTO-OPEN-2787"]
[Site "http://www.queenalice.com/game.php?id=1101433"]
[Date "2012.9.10"]
[Round "1"]
[White "BALASH"]
[Black "Montanha"]
[Result "1-0"]
[WhiteElo "1426"]
[BlackElo "1050"]

1. e4 e5 2. Nf3 Nf6 3. Nc3 Bc5 4. h3 d6 5. Bc4 Be6 6. Bxe6 fxe6 7. a3 O-O 8. d3
Nc6 9. Bg5 Qe8 10. Bh4 a6 11. Bg5 Qg6 12. Qd2 h6 13. Bxf6 Rxf6 14. O-O-O Qxg2
15. Rhg1 Qxf2 16. Qxf2 Bxf2 17. Rgf1 Rxf3 18. h4 Nd4 19. Rd2 Raf8 20. Kb1 Be3
21. Rg2 Rxf1+ 22. Ka2 1-0

[Event "AUTO-OPEN-2788"]
[Site "http://www.queenalice.com/game.php?id=1101898"]
[Date "2012.9.11"]
[Round "1"]
[White "Montanha"]
[Black "Philchess"]
[Result "0-1"]
[WhiteElo "1025"]
[BlackElo "1490"]

1. e4 c5 2. Bc4 e6 3. Nc3 d6 4. Nf3 Nf6 5. d3 Nc6 6. Bg5 Be7 7. O-O O-O 8. Re1
d5 9. exd5 exd5 10. Bxf6 Bxf6 11. Nxd5 Bxb2 12. Rb1 Bf6 13. Qd2 Bg4 14. Rxb7
Bxf3 15. Ree7 Nxe7 16. Nxe7+ Bxe7 17. Rb1 Bd5 18. Bxd5 Rb8 0-1

[Event "AUTO-OPEN-2788"]
[Site "http://www.queenalice.com/game.php?id=1101899"]
[Date "2012.9.11"]
[Round "1"]
[White "Philchess"]
[Black "Montanha"]
[Result "1-0"]
[WhiteElo "1492"]
[BlackElo "1023"]

1. e4 e5 2. Nf3 Nc6 3. Bb5 a6 4. Bxc6 dxc6 5. d3 Bg4 6. Nbd2 Nf6 7. O-O Bc5 8.
h3 Bh5 9. c3 Qxd3 10. Re1 O-O-O 11. g4 Bg6 12. a4 b5 13. axb5 cxb5 14. Kg2 Bxe4
15. Nxe4 Qxd1 16. Rxd1 Rxd1 17. Nxc5 e4 18. Nd4 1-0

[Event "AUTO-OPEN-2788"]
[Site "http://www.queenalice.com/game.php?id=1101900"]
[Date "2012.9.11"]
[Round "1"]
[White "Montanha"]
[Black "henriq19"]
[Result "0-1"]
[WhiteElo "1078"]
[BlackElo "1944"]

1. e4 c5 2. Nf3 d6 3. Nc3 g6 4. Bc4 Bg7 5. d4 cxd4 6. Nxd4 Nf6 7. Bg5 O-O 8. O-O
Qc7 9. Bb3 a6 10. a4 Re8 11. Qd3 Nc6 12. Bxf6 Bxf6 13. Nxc6 bxc6 14. Rae1 Be5
15. f4 Bg7 16. e5 Bf5 0-1

[Event "AUTO-OPEN-2788"]
[Site "http://www.queenalice.com/game.php?id=1101901"]
[Date "2012.9.11"]
[Round "1"]
[White "henriq19"]
[Black "Montanha"]
[Result "1-0"]
[WhiteElo "1942"]
[BlackElo "1080"]

1. e4 d5 2. exd5 Nf6 3. Nf3 Nxd5 4. Be2 Nc6 5. O-O Bg4 6. d4 e6 7. Bg5 f6 8. Bh4
h5 9. c4 Nb6 10. a3 Nxc4 11. Bxc4 Bxf3 12. Qxf3 g5 13. Bg3 h4 14. Bxc7 Qxc7 15.
Qxf6 Bg7 16. Qxe6+ 1-0

[Event "AUTO-OPEN-2788"]
[Site "http://www.queenalice.com/game.php?id=1101902"]
[Date "2012.9.11"]
[Round "1"]
[White "Montanha"]
[Black "marcomasao"]
[Result "0-1"]
[WhiteElo "1032"]
[BlackElo "1714"]

1. e4 e5 2. Nf3 d6 3. Bc4 Nc6 4. d3 Nd4 5. Bg5 f6 6. Bb5+ Nxb5 7. Be3 Ne7 8. a4
Nd4 9. Nxd4 exd4 10. Bxd4 Bd7 11. O-O Nc6 12. Be3 Be7 13. c3 Bf8 14. b4 Ne5 15.
b5 b6 16. Na3 g6 17. d4 Nf7 18. Kh1 Bg7 19. f4 Qc8 20. c4 h5 21. g3 Bg4 22. Qc1
Bh3 23. Rf2 Nh6 24. c5 Ng4 25. Re2 dxc5 26. dxc5 f5 27. exf5 Bxa1 0-1

[Event "AUTO-OPEN-2788"]
[Site "http://www.queenalice.com/game.php?id=1101903"]
[Date "2012.9.11"]
[Round "1"]
[White "marcomasao"]
[Black "Montanha"]
[Result "1-0"]
[WhiteElo "1712"]
[BlackElo "1034"]

1. e4 e5 2. Bc4 Ke7 3. Qf3 f6 4. Nc3 Nc6 5. Qh5 Nd4 6. Qf7+ Kd6 7. Kd1 c6 8. b4
g6 9. b5 Nh6 10. Ba3+ Kc7 11. Nd5+ cxd5 12. Qxd5 Bxa3 13. Bb3 d6 14. Qc4+ Kd7
15. Ba4 Qb6 16. c3 Ne6 17. Nf3 Ng4 18. Rf1 Ke7 19. d4 exd4 20. Qb3 Bc5 21. h3
Nf4 22. hxg4 Bxg4 23. c4 Nxg2 24. Rg1 Qa5 25. Kc1 Bxf3 26. Qxf3 Nh4 27. Qd1 Qc3+
28. Kb1 Ba3 29. Qe2 d3 30. Rg3 1-0

[Event "AUTO-OPEN-2789"]
[Site "http://www.queenalice.com/game.php?id=1102519"]
[Date "2012.9.13"]
[Round "1"]
[White "Montanha"]
[Black "joaovdv"]
[Result "0-1"]
[WhiteElo "1082"]
[BlackElo "1593"]

1. d4 d5 2. c4 dxc4 3. Nc3 e6 4. Bf4 Bd6 5. Bxd6 Qxd6 6. e4 Qb4 7. Qc2 Nf6 8.
Nf3 b5 9. a3 Qa5 10. e5 Nd5 11. b4 Nxb4 12. Qb2 Nd5 13. Rc1 c6 14. Kd1 Na6 15.
Nxd5 cxd5 16. Be2 Bd7 0-1

[Event "AUTO-OPEN-2789"]
[Site "http://www.queenalice.com/game.php?id=1102520"]
[Date "2012.9.13"]
[Round "1"]
[White "joaovdv"]
[Black "Montanha"]
[Result "1-0"]
[WhiteElo "1611"]
[BlackElo "1046"]

1. d4 Nf6 2. b3 e6 3. e3 Nc6 4. c3 d5 5. Nf3 a6 6. g3 Bd6 7. Bg2 O-O 8. h4 Ne4
9. Qd3 f5 10. Ng5 Nxg5 11. hxg5 Qxg5 12. Bd2 e5 13. Bxd5+ Kh8 14. dxe5 Nxe5 15.
Qd4 Nf3+ 16. Bxf3 Rb8 17. e4 1-0

[Event "AUTO-OPEN-2789"]
[Site "http://www.queenalice.com/game.php?id=1102521"]
[Date "2012.9.13"]
[Round "1"]
[White "Montanha"]
[Black "procellaria"]
[Result "0-1"]
[WhiteElo "1030"]
[BlackElo "1862"]

1. d4 Nf6 2. c4 e6 3. Nc3 c6 4. Bg5 Be7 5. Nf3 O-O 6. e4 d6 7. d5 Re8 8. dxe6
Bxe6 9. Bd3 Qb6 10. O-O Nbd7 11. Rb1 h6 12. Bh4 Bg4 13. Na4 Qc7 14. b4 Ne5 15.
h3 Nxf3+ 16. gxf3 Bxh3 17. Re1 Be6 18. a3 Rad8 19. c5 d5 20. exd5 Nxd5 0-1

[Event "AUTO-OPEN-2789"]
[Site "http://www.queenalice.com/game.php?id=1102522"]
[Date "2012.9.13"]
[Round "1"]
[White "procellaria"]
[Black "Montanha"]
[Result "1-0"]
[WhiteElo "1862"]
[BlackElo "1030"]

1. d4 d5 2. e3 Nf6 3. c4 Bf5 4. Nc3 e6 5. Nf3 Bb4 6. c5 Ne4 7. Bd2 Nc6 8. Bb5
O-O 9. a3 Bxc3 10. Bxc3 a6 11. Be2 b5 12. cxb6 cxb6 13. Rc1 g6 14. O-O Qd7 15.
b4 Rac8 16. Bb2 h5 17. Nh4 Bg4 18. f3 g5 19. fxg4 gxh4 20. gxh5 f5 21. Bxa6 1-0

[Event "AUTO-BEG-555"]
[Site "http://www.queenalice.com/game.php?id=1103240"]
[Date "2012.9.15"]
[Round "1"]
[White "griso"]
[Black "Montanha"]
[Result "1-0"]
[WhiteElo "1151"]
[BlackElo "1062"]

1. d4 d5 2. c4 dxc4 3. Nf3 Bg4 4. e3 Nc6 5. a3 Qd5 6. Nc3 Bxf3 7. gxf3 e5 8. e4
Qa5 9. Be3 Rd8 10. d5 Nce7 11. Bxc4 c6 12. O-O cxd5 13. Qd3 dxc4 14. Qxc4 a6 15.
Rfc1 Nc6 16. Nd5 1-0

[Event "AUTO-BEG-555"]
[Site "http://www.queenalice.com/game.php?id=1103241"]
[Date "2012.9.15"]
[Round "1"]
[White "Montanha"]
[Black "griso"]
[Result "0-1"]
[WhiteElo "1076"]
[BlackElo "1137"]

1. d4 d5 2. c4 e6 3. Nc3 Nf6 4. Bg5 Be7 5. Nf3 Nbd7 6. e3 O-O 7. cxd5 exd5 8.
Bd3 c5 9. dxc5 Nxc5 10. b4 Nxd3+ 11. Qxd3 h6 12. Bxf6 Bxf6 13. Rc1 Be6 14. Rd1
Rc8 15. Nxd5 Bxd5 0-1